Quantum Symmetries (Запис № 444959)

МАРК-запис
000 -LEADER
fixed length control field 04398nam a22006615i 4500
001 - CONTROL NUMBER
control field 978-3-319-63206-3
003 - CONTROL NUMBER IDENTIFIER
control field DE-He213
005 - DATE AND TIME OF LATEST TRANSACTION
control field 20210118121102.0
007 - PHYSICAL DESCRIPTION FIXED FIELD--GENERAL INFORMATION
fixed length control field cr nn 008mamaa
008 - FIXED-LENGTH DATA ELEMENTS--GENERAL INFORMATION
fixed length control field 171013s2017 gw | s |||| 0|eng d
020 ## - INTERNATIONAL STANDARD BOOK NUMBER
International Standard Book Number 9783319632063
-- 978-3-319-63206-3
024 7# - OTHER STANDARD IDENTIFIER
Standard number or code 10.1007/978-3-319-63206-3
Source of number or code doi
050 #4 - LIBRARY OF CONGRESS CALL NUMBER
Classification number QA319-329.9
072 #7 - SUBJECT CATEGORY CODE
Subject category code PBKF
Source bicssc
072 #7 - SUBJECT CATEGORY CODE
Subject category code MAT037000
Source bisacsh
072 #7 - SUBJECT CATEGORY CODE
Subject category code PBKF
Source thema
082 04 - DEWEY DECIMAL CLASSIFICATION NUMBER
Classification number 515.7
Edition number 23
100 1# - MAIN ENTRY--PERSONAL NAME
Personal name Aubrun, Guillaume.
Relator term author.
Relator code aut
-- http://id.loc.gov/vocabulary/relators/aut
245 10 - TITLE STATEMENT
Title Quantum Symmetries
Medium [electronic resource] :
Remainder of title Metabief, France 2014 /
Statement of responsibility, etc by Guillaume Aubrun, Adam Skalski, Roland Speicher ; edited by Uwe Franz.
250 ## - EDITION STATEMENT
Edition statement 1st ed. 2017.
264 #1 -
-- Cham :
-- Springer International Publishing :
-- Imprint: Springer,
-- 2017.
300 ## - PHYSICAL DESCRIPTION
Extent IX, 119 p. 18 illus., 3 illus. in color.
Other physical details online resource.
336 ## -
-- text
-- txt
-- rdacontent
337 ## -
-- computer
-- c
-- rdamedia
338 ## -
-- online resource
-- cr
-- rdacarrier
347 ## -
-- text file
-- PDF
-- rda
490 1# - SERIES STATEMENT
Series statement Lecture Notes in Mathematics,
Міжнародний стандартний серійний номер для назви серії (ISSN) 0075-8434 ;
Том/ позначення послідовності 2189
505 0# - FORMATTED CONTENTS NOTE
Formatted contents note 1 Introduction -- 2 Free Probability and Non-Commutative Symmetries -- 3 Quantum Symmetry Groups and Related Topics -- 4 Quantum Entanglement in High Dimensions -- References -- Index.
520 ## - SUMMARY, ETC.
Summary, etc Providing an introduction to current research topics in functional analysis and its applications to quantum physics, this book presents three lectures surveying recent progress and open problems.  A special focus is given to the role of symmetry in non-commutative probability, in the theory of quantum groups, and in quantum physics. The first lecture presents the close connection between distributional symmetries and independence properties. The second introduces many structures (graphs, C*-algebras, discrete groups) whose quantum symmetries are much richer than their classical symmetry groups, and describes the associated quantum symmetry groups. The last lecture shows how functional analytic and geometric ideas can be used to detect and to quantify entanglement in high dimensions.  The book will allow graduate students and young researchers to gain a better understanding of free probability, the theory of compact quantum groups, and applications of the theory of Banach spaces to quantum information. The latter applications will also be of interest to theoretical and mathematical physicists working in quantum theory.
506 ## - RESTRICTIONS ON ACCESS NOTE
Terms governing access Available to subscribing member institutions only. Доступно лише організаціям членам підписки.
506 ## - RESTRICTIONS ON ACCESS NOTE
Standardized terminology for access restriction Online access from local network of NaUOA.
506 ## - RESTRICTIONS ON ACCESS NOTE
Standardized terminology for access restriction Online access with authorization at https://link.springer.com/
506 ## - RESTRICTIONS ON ACCESS NOTE
Standardized terminology for access restriction Онлайн-доступ з локальної мережі НаУОА.
506 ## - RESTRICTIONS ON ACCESS NOTE
Standardized terminology for access restriction Онлайн доступ з авторизацією на https://link.springer.com/
650 #0 - SUBJECT ADDED ENTRY--TOPICAL TERM
Topical term or geographic name as entry element Functional analysis.
650 #0 - SUBJECT ADDED ENTRY--TOPICAL TERM
Topical term or geographic name as entry element Quantum physics.
650 #0 - SUBJECT ADDED ENTRY--TOPICAL TERM
Topical term or geographic name as entry element Probabilities.
650 #0 - SUBJECT ADDED ENTRY--TOPICAL TERM
Topical term or geographic name as entry element Convex geometry .
650 #0 - SUBJECT ADDED ENTRY--TOPICAL TERM
Topical term or geographic name as entry element Discrete geometry.
650 14 - SUBJECT ADDED ENTRY--TOPICAL TERM
Topical term or geographic name as entry element Functional Analysis.
-- http://scigraph.springernature.com/things/product-market-codes/M12066
650 24 - SUBJECT ADDED ENTRY--TOPICAL TERM
Topical term or geographic name as entry element Quantum Physics.
-- http://scigraph.springernature.com/things/product-market-codes/P19080
650 24 - SUBJECT ADDED ENTRY--TOPICAL TERM
Topical term or geographic name as entry element Probability Theory and Stochastic Processes.
-- http://scigraph.springernature.com/things/product-market-codes/M27004
650 24 - SUBJECT ADDED ENTRY--TOPICAL TERM
Topical term or geographic name as entry element Convex and Discrete Geometry.
-- http://scigraph.springernature.com/things/product-market-codes/M21014
700 1# - ADDED ENTRY--PERSONAL NAME
Personal name Skalski, Adam.
Relator term author.
Relator code aut
-- http://id.loc.gov/vocabulary/relators/aut
700 1# - ADDED ENTRY--PERSONAL NAME
Personal name Speicher, Roland.
Relator term author.
Relator code aut
-- http://id.loc.gov/vocabulary/relators/aut
700 1# - ADDED ENTRY--PERSONAL NAME
Personal name Franz, Uwe.
Relator term editor.
Relator code edt
-- http://id.loc.gov/vocabulary/relators/edt
710 2# - ADDED ENTRY--CORPORATE NAME
Corporate name or jurisdiction name as entry element SpringerLink (Online service)
773 0# - HOST ITEM ENTRY
Title Springer eBooks
776 08 - ADDITIONAL PHYSICAL FORM ENTRY
Display text Printed edition:
International Standard Book Number 9783319632056
776 08 - ADDITIONAL PHYSICAL FORM ENTRY
Display text Printed edition:
International Standard Book Number 9783319632070
830 #0 - SERIES ADDED ENTRY--UNIFORM TITLE
Uniform title Lecture Notes in Mathematics,
-- 0075-8434 ;
Volume number/sequential designation 2189
856 40 - ELECTRONIC LOCATION AND ACCESS
Uniform Resource Identifier <a href="https://doi.org/10.1007/978-3-319-63206-3">https://doi.org/10.1007/978-3-319-63206-3</a>
912 ## -
-- ZDB-2-SMA
912 ## -
-- ZDB-2-LNM
942 ## - ADDED ENTRY ELEMENTS (KOHA)
Koha item type ЕКнига

Немає доступних примірників.